The making of a man of God; (Record no. 5143)

MARC details
000 -LEADER
fixed length control field 00681cam a22002531 4500
001 - CONTROL NUMBER
control field 20400
003 - CONTROL NUMBER IDENTIFIER
control field GBCCL
005 - DATE AND TIME OF LATEST TRANSACTION
control field 20241126110534.0
008 - FIXED-LENGTH DATA ELEMENTS--GENERAL INFORMATION
fixed length control field 751125s1962 nju 000 0beng
010 ## -
-- 62010731 /L
035 ## - SYSTEM CONTROL NUMBER
System control number (OCoLC)03029834
040 ## - CATALOGING SOURCE
Original cataloging agency DLC
Transcribing agency WRJ
Modifying agency DLC
049 ## -
-- LBBK
050 00 -
-- BS580.D3
-- R4
082 00 - DEWEY DECIMAL CLASSIFICATION NUMBER
Classification number 221.92
Item number DAV
092 ## - LOCALLY ASSIGNED DEWEY CALL NUMBER (OCLC)
Classification number 221.92
Item number D249R
100 1# - MAIN ENTRY--PERSONAL NAME
Personal name Redpath, Alan.
9 (RLIN) 5202
245 14 - TITLE STATEMENT
Title The making of a man of God;
Remainder of title studies in the life of David.
260 ## - PUBLICATION, DISTRIBUTION, ETC.
Place of publication, distribution, etc. [Westwood, N.J.]
Name of publisher, distributor, etc. Revell
Date of publication, distribution, etc. [1962]
300 ## - PHYSICAL DESCRIPTION
Extent 256 p.
Dimensions 21 cm.
600 00 - SUBJECT ADDED ENTRY--PERSONAL NAME
Personal name David,
Titles and other words associated with a name King of Israel.
9 (RLIN) 2445
650 #0 - SUBJECT ADDED ENTRY--TOPICAL TERM
Topical term or geographic name entry element Devotional literature.
9 (RLIN) 489
942 ## - ADDED ENTRY ELEMENTS (KOHA)
Source of classification or shelving scheme Dewey Decimal Classification
Koha item type Books
Koha issues (borrowed), all copies 2
Holdings
Withdrawn status Lost status Source of classification or shelving scheme Damaged status Not for loan Home library Current Library Shelving location Date acquired Total checkouts Full call number Barcode Date last seen Date last checked out Copy number Price effective from Koha item type
    Dewey Decimal Classification     GRACE BIBLE COLLEGE GRACE BIBLE COLLEGE Biblical Studies 2018-02-28 1 221.92 DAV 001423 2025-05-01 2025-01-16 c.1 2018-02-28 Books
    Dewey Decimal Classification     GRACE BIBLE COLLEGE GRACE BIBLE COLLEGE Biblical Studies 2018-03-22 2 221.92 DAV 001424 2025-05-01 2018-10-12 c.2 2018-03-22 Books
    Dewey Decimal Classification     GRACE BIBLE COLLEGE GRACE BIBLE COLLEGE Biblical Studies 2018-05-02   221.92 DAV 001429 2025-05-01   c.3 2018-05-02 Books
© Grace Bible College Library 2025